Raising teenagers right. (Record no. 14724)

000 -LEADER
fixed length control field 00582nam a2200193 a 4500
001 - CONTROL NUMBER
control field :::00012558$&:&@@
003 - CONTROL NUMBER IDENTIFIER
control field OkBaRHE
005 - DATE AND TIME OF LATEST TRANSACTION
control field 20000607103420.0
008 - FIXED-LENGTH DATA ELEMENTS--GENERAL INFORMATION
fixed length control field s1988 j 000 0 eng u
040 ## - CATALOGING SOURCE
Transcribing agency
100 1# - MAIN ENTRY--PERSONAL NAME
Personal name Dobson, James C.
245 10 - TITLE STATEMENT
Title Raising teenagers right.
260 ## - PUBLICATION, DISTRIBUTION, ETC. (IMPRINT)
Place of publication, distribution, etc Wheaton, IL., :
Name of publisher, distributor, etc Tyndale House
Date of publication, distribution, etc c1988
300 ## - PHYSICAL DESCRIPTION
Extent 95 p. ;
Dimensions 16 cm.
650 ## - SUBJECT ADDED ENTRY--TOPICAL TERM
Topical term or geographic name as entry element Adolescence
650 ## - SUBJECT ADDED ENTRY--TOPICAL TERM
Topical term or geographic name as entry element Parenting
General subdivision Religious Aspects
-- Christianity
942 ## - ADDED ENTRY ELEMENTS (KOHA)
Source of classification or shelving scheme
Koha item type Books
Copies
Price effective from Full call number Permanent Location Shelving location Date acquired Date last seen Not for loan Koha item type Barcode Withdrawn status Damaged status Source of classification or shelving scheme Copy number Lost status
2010-04-14HQ 769 .D585RHEMA Bible Training CollegeGeneral Stacks2010-04-142010-04-14 Books12558   1